| 000 | 01062nam a22003257a 4500 | ||
|---|---|---|---|
| 003 | CHAP | ||
| 005 | 20220817042007.0 | ||
| 008 | 971013s1970 r 00010 d | ||
| 010 | _a31234 | ||
| 011 | _a32206 | ||
| 035 | _a36319 | ||
| 040 | _cCHAP | ||
| 082 |
_a338.9 _bM39Y 1963 |
||
| 100 | 0 | 0 |
_aMarrama, Vittorio. _971546 |
| 245 | _aProblemas y técnicas de programación económica | ||
| 260 |
_aMadrid : _bAguilar, _c1970 |
||
| 300 | _a207 p | ||
| 490 | _aBiblioteca de ciencias sociales. Sección economía | ||
| 500 | _aTrad. de la 2 ed. en italiano | ||
| 590 |
_aBATCH-UPD _b10 _c20130110 _lUCH01 _h0254 |
||
| 590 |
_aBATCH-UPD _b10 _c20130110 _lUCH01 _h1246 |
||
| 590 |
_aBATCH-UPD _b10 _c20130409 _lUCH01 _h2325 |
||
| 590 |
_aBATCH-UPD _b10 _c20130914 _lUCH01 _h0618 |
||
| 590 |
_aCONVERSION _b10 _c20130109 _lUCH01 _h1318 |
||
| 650 | 1 | 4 | _aPolítica económica. |
| 830 | 0 |
_aBiblioteca de ciencias sociales. Sección economía _912289 |
|
| 901 | _aBK | ||
| 942 | _cLIBRO | ||
| 949 |
_a338.9 M39Y 1963 _bBC _cLIBRO _d33724000422358 _eLIBRO _h34632 _i36319 _si |
||
| 999 |
_c31234 _d31234 |
||